| 000 | 00539 a2200169 4500 | ||
|---|---|---|---|
| 999 |
_c3433 _d3433 |
||
| 020 | _a9780702149191 | ||
| 050 | 0 | 0 | _aKF385. PLES 1999 |
| 100 |
_aDu Plesisis, Lourens _eauthor |
||
| 245 | 0 | 3 |
_aAn Introduction to law / _cLourens Du Plessis |
| 250 | _a3rd ed | ||
| 264 |
_aCape Town: _bJuta and company. _c1999 |
||
| 300 | _axix, 291 p. ; | ||
| 500 | _aincludes index | ||
| 650 | 0 | _aLaw | |
| 942 |
_2lcc _cBK _h385 _iPLES _kKF |
||